[Event "World-ch Tournament"]
[Site "Mexico City"]
[Date "2007.09.19"]
[Round "6"]
[White "Aronian, Levon"]
[Black "Kramnik, Vladimir"]
[Result "1/2-1/2"]
[WhiteElo "2750"]
[BlackElo "2769"]
[Annotator "Marin,M"]
[PlyCount "43"]
[EventDate "2007.09.13"]
[EventType "tourn"]
[EventRounds "14"]
[EventCountry "MEX"]
[EventCategory "21"]
[SourceTitle "CBM 120"]
[Source "ChessBase"]
[SourceDate "2007.10.02"]
[SourceVersion "1"]
[SourceVersionDate "2007.10.02"]
[SourceQuality "1"]

1. d4 Nf6 2. c4 e6 3. Nf3 d5 4. g3 Be7 5. Bg2 O-O 6. O-O dxc4 7. Qc2 a6 8. Qxc4
b5 9. Qc2 Bb7 10. Bd2 Be4 11. Qc1 Qc8 {If asked which line he consideres to be
the safest against the Catalan, Kramnik would probably refuse to answer. The
best way to find out hisopinion is to play this opening against him and here
is what he decided to answer today. Sí le preguntasen a Kramnik cual es la
variante más segura contra la Catalana, lo más probable es que refuse a
contestar. El mejor método para saber su opinión es jugar esta misma apertura
contra él; aquí tenemos su espuesta para hoy.} 12. Bg5 Nbd7 13. Nbd2 Bb7 14.
Nb3 a5 15. Bxf6 ({For instance} 15. Rd1 {and only after} a4 {exchange on f6:}
16. Bxf6 {when the inserton of the moves Rd1 and ...a4 clearly favours White.}
Bxf6 ({Black can deviate from the natural course of the game with} 16... gxf6 {
, keeping the c5-square well defended, but after} 17. Nc5 Nxc5 18. dxc5 Bd5 19.
Qh6 Kh8 20. Rac1 $14 {followed by the exchange of the light-squared bishops I
prefer White anyway.}) 17. Nc5 Bd5 (17... Nxc5 18. Qxc5 Bd5 19. Ne1 $14) 18. e4
$1 $14) ({Fighting for the queenside light squares with} 15. a4 {also makes
sense.} Bd5 16. Nbd2 $14 {/\e4, /\axb5.}) 15... Bxf6 {This looks like the
correct capture.} (15... Nxf6 $6 {Shirov,A (2699)-Onischuk,A (2663)/Foros 2007/
CBM 119/[Marin,M] (1/2-1/2, 42)}) 16. Nc5 Bd5 {White is not sufficiently well
developed to maintain the blockade on c5. After a short phase of
simplifications, the game will end in a draw, hopefully just in time to allow
Kramnik watch his favourite match from the Champion's League. Las blancas no
tienen suficiente desarrollo para mantener el bloqueo en la casilla de c5.
Tras una breve fase de simplificaciones, la partida acabará en tablas. Espero
que esto pasó suficientemente pronto para permitir a Kramnik seguír su partido
favorito de la Liga de Campeones.} 17. e4 $146 {Optically, this move looks
premature. White weakens the dark squares and will not be able to maintain his
advantage of space. The further course of the game will justify this feeling.}
(17. Rd1 Nxc5 18. Qxc5 Qb7 19. Rac1 Rac8 20. Ne1 Rfd8 21. e3 c6 22. b3 (22. Qc2
) 22... Be7 {/\...Ba3, ...c5 1/2-1/2 Sigurjonsson,G (2440)-Speelman,J (2520)/
Brighton 1981/MCD}) 17... Bc4 $1 {A courageous move, based on accurate
calculation (or maybe home preparation?! With Kramnik you never know)} ({
It is easy to see that the bishop had no other favourable squares, while} 17...
Nxc5 {would be bad because of} 18. exd5 $1 $16 {[%cal Yg2a8]}) 18. Nxd7 (18.
Re1 {would fail to put the c4-bishop in danger because of} Nxc5 19. dxc5 e5 $13
) 18... Qxd7 19. Re1 {Trying to retsrict the c4-bishop, but leaving the
d4-pawn undefended.} (19. Rd1 {is not better.} Be2 20. e5 Be7 $1 ({Not falling
for} 20... Bxd1 $2 21. exf6 Bxf3 22. Qg5 $18) 21. Rd2 Bc4 $1 {The bishop is
just in time to block the important d5-square.} 22. Rc2 c6 23. Qf4 Bd5 24. Rac1
a4 {Black is at least not worse.}) 19... Bxd4 20. Rd1 c5 21. Qc2 {[%csl Ge2]
[%cal Gb2b3]} e5 $8 22. Nxe5 {Black's agreement on a peaceful result looks
premature.} (22. Nxe5 Qe6 23. Nxc4 (23. Nf3 Bxa2 24. Nxd4 cxd4 25. Rxd4 Bc4 $15
{The strong queenside majority is a permanent source of worries for White,
whose bishop is not too active.}) 23... Qxc4 24. Qxc4 bxc4 25. Rac1 (25. Rd2 $2
c3 $1) 25... Rab8 26. Rd2 Rb4 $15 {The difference of activity between bishops
and the vulnerability of the f2-square faces White with permanent problems.})
1/2-1/2

[Event "World-ch Tournament"]
[Site "Mexico City"]
[Date "2007.09.27"]
[Round "12"]
[White "Kramnik, Vladimir"]
[Black "Leko, Peter"]
[Result "1-0"]
[WhiteElo "2769"]
[BlackElo "2751"]
[Annotator "Marin,M"]
[PlyCount "77"]
[EventDate "2007.09.13"]
[EventType "tourn"]
[EventRounds "14"]
[EventCountry "MEX"]
[EventCategory "21"]
[SourceTitle "CBM 120"]
[Source "ChessBase"]
[SourceDate "2007.10.02"]
[SourceVersion "1"]
[SourceVersionDate "2007.10.02"]
[SourceQuality "1"]

1. d4 Nf6 2. c4 e6 3. g3 d5 4. Bg2 Be7 5. Nf3 O-O 6. O-O dxc4 7. Qc2 a6 8. Qxc4
b5 9. Qc2 Bb7 10. Bd2 Be4 11. Qc1 Qc8 12. Bg5 Nbd7 {The moment of truth has
come. Leko fights against Kramnik with his own weapons. Quite a risky policy,
I must say. Ha llegado la hora de la verdad. Leko lucha contra Kramnik con sus
proprías armas. Una política bastante arriesgada, según me parece...} 13. Qf4
$5 {Here comes the novelty, sidestepping most of the theoretical knowledge
that has been accumulated in recent years. Aquí tenemos la novedad, evitando
la mayor parte de los conocimientos teóricos acumulados durante los últimos
años.} Bb7 ({After a long thought, Leko refrains from Después de una larga
reflección, Leko decide abstenerse de} 13... c5 {, which seems to be a
critical continuation. White's most natural reply is , que parece como una
continuación crítica.} 14. Rc1 c4 15. b3 {[%csl Gc4]}) ({Another consequent
move would be} 13... Qb7 {, but it appears that Black has not sufficient space
along the h1-a8 diagonal after} 14. Nc3 {(Taking advantage of the fact that
the knight's development has been delayed.)} Bc6 15. e4 b4 16. d5 exd5 17. exd5
Nxd5 18. Nxd5 Bxg5 19. Qxb4 Bxd5 20. Qxb7 Bxb7 21. Nxg5 Bxg2 22. Kxg2 {Despite
simplifications, White retains a minimal but stable advantage because of
Black's queenside weaknesses. It would be dangerous to allow Kramnik to get
such a position.}) 14. Rc1 {There is something remarkable about White's last
moves. I can't help comparing them with certain patterns of play in chess
problems (mates in 3 or 4, helpmates). White's pieces tend to make full use of
the space left available by their colleagues. 12.Bg5 has made available a
whole new diagonal for the queen and she uses it immediately, making the
longest possible move. This has cleared the c1-square and the king's rook
hurries to occupy it. I would also point out that the queen and the bishop
concentrate their pressure on the f6-square, while the queen and the rook
attack the c7-square. To my understanding, this is pure harmony, but let us
return to the more concrete world of practical chess, where things are not
that clear. Hay algo de especial en las últimas jugadas de las blancas. No
puedo evitar compararlas con ciertos modelos empleados en la problemística de
ajedrez (mates en 3 o 4, mates ayuda). La sfiguras de las blancas tienden a
aprovechar plenamente el espacío dejado libre por sus colegas en las jugadas
anteriores. 12.Ag5 había eliberado la diagonal c1-f4 para la dama, que la
aprovecha enseguída, efectuando la jugada más larga posible. A su vez, esta
jugada ha eliberado la casilla de c1 y la torre de rey se da prisa en ocuparla,
efectuando también la jugada más larga. También queda por decir que la dama y
el alfil concentran sus esfuerzos sobre la casilla de f6, mientras que la
torre y la dama atacan el peón de c7. A mi entender, esto es pura harmonía.
Pero ya es el tiempo de volver al mundo más concreto del ajedrez de torneo.}
Bd6 15. Qh4 h6 16. Bxf6 ({I believe that the extravagant} 16. Bxh6 gxh6 17.
Qxh6 {[%csl Rg8][%cal Yb1d2,Yd2b3,Gc1c2,Ga1c1] should not be discarded
completely. White has no immediate threats, but he can combine the usual
queenside pressure with "casual" kingside tactics. Also, the breakthrough ...
e5 is less appealing, because the f6-knight is hanging. I only have one
objection to this plan: White is underdeveloped still, making such radical
measures loo premature.}) 16... Nxf6 17. Nbd2 {White has a slight advance in
development and has managed to prevent the freeing move ...c5. However, he has
to find a way to coordinate his queen with the other pieces, in order not to
lose... harmony. Las blancas han logrado una pequeña ventaja de desarrollo y
han conseguído evitar la ruptura ...c5. Sin embargo, tienen por delante la
tarea de coordinar de alguna forma a su dama con el resto de las figuras, para
no perder la... armonía.} Re8 18. e4 (18. Rc2 e5 19. dxe5 Bxe5 20. Nxe5 Bxg2 (
20... Rxe5 $6 21. Qf4 $1 Re7 (21... Rxe2 $2 22. Rxc7 $16) 22. Nb3 Bxg2 23. Kxg2
$14 {[%csl Ga5,Gc5][%cal Ya1c1]}) 21. Kxg2 Rxe5 $36 {[%csl Ge2][%cal Yc7c5,
Yc8b7,Ye5h5]}) 18... Nd7 $1 (18... e5 19. dxe5 Bxe5 20. Nxe5 Rxe5 21. Qf4 Re7
22. Qe3 $14 {[%csl Gc5]}) (18... Be7 19. Qf4 Bd6 20. e5 Nd5 21. Qg4 Be7 22. Ne4
$14 {[%csl Gc5]}) 19. Nb3 a5 {Up to this moment,Kramnik had spent around a
quarter of an hour, but now he sank into deep thought. Hasta este momento,
Kramnik había gastado alrededor de un cuarto de hora, pero aquí se hundió en
una larga reflexión.} (19... e5 $6 20. Na5 $1 $16) ({After} 19... Be7 20. Qf4
Bd6 {White is not forced to accept a draw, but can bring his queen back into
play with} 21. Qe3 $1 $14) 20. Nc5 ({My first thought was that the knight jump
to c5 should have been prepared with Mi primer pensamiento fue que el salto de
caballo tendría que ser preparado con} 20. Rc2 a4 21. Nc5 {, but maybe Leko's
last move was more of a defence against the threat Na5 than a preliminary step
for the further advance of the pawn. , pero puede que la jugada anterior de
Leko haya sido una simple parada contra la amenaza Ca5 y no una amenaza contra
el caballo de b3.}) ({After Es posible que despu'es de} 20. Rc2 {, Kramnik
might have disliked a Kramnik no le hubiera gustado} e5) ({When I wrote the
express report, I also believed that the thematic La temática jugada} 20. a4 {
fails to offer an advantage after no ofrecería ventaja por} bxa4 (20... b4 21.
Nfd2 $14 {[%cal Yd2c4]}) 21. Rxa4 Bb4 {, because there are too many pieces
along the fourth rank, preventing the coordination between the a4-rook and the
queen. This is probably wrong. After . Quedan demasiadas figuras interpuestas
entre la dama y la torre de a4.} 22. Qf4 {[%cal Yf4e3,Gf3e1,Ge1d3] White
retains chances for an advantage.}) 20... Be7 {The first impression is that
the capture on c5 would have made the b7-bishop feel uncomfortable. Leko
decides to solve his problems by... winning material. La captura en c5 hubiera
hecho al alfil de b7 sentirse incómodo. Leko decidió resolver sus problemas
por... ganancías de material.} ({Indeed,} 20... Bxc5 $6 {is not to be
recommended because of} 21. dxc5 Bc6 22. Nd4 $16) ({However,} 20... Nxc5 21.
dxc5 Be7 {is not entirely clear.} 22. Qh5 (22. Qf4 e5 23. Nxe5 Bf6 $44 {
[%csl Gb2]}) 22... Bxe4 (22... g6 23. Qe5 $1) 23. Ne5 $1 g6 24. Qxh6 Bxg2 25.
Kxg2 Bf6 26. Qf4 Bxe5 27. Qxe5 Rd8 {[%csl Ga1] and Black seems to be out of
danger. In most of these variations we can see that the insertion of the moves
Rc2 and ...a4 would have favoured White.}) 21. Qf4 e5 {Slightly risky.} ({
In fact,} 21... Nxc5 22. dxc5 e5 $1 {would transpose toa variation given above,
after having avoided Qh5.}) 22. Nxe5 Nxe5 23. dxe5 (23. Qxe5 $2 Bg5 24. Qf5 {
This will cause the disruption of White's centre, but there is no other square
available for the queen.} Qxf5 25. exf5 Bxc1 $19 26. Bxb7 Re1+) 23... Bg5 24.
Qf3 Bxc1 25. Rxc1 Rxe5 26. Qc3 {White's compensation for the sacrificed
exchange consists of his much more active placement of pieces. The b7-bishop
and the a8-rook cannot be brought into play too easily. Continuing the
discussion about harmony, White's position looks optically perfect from this
point of view. La compensación de las blancas por la calidad entregada reside
principalmente en la mayor actividad de sus figuras. Ls negras no podrán traer
a su torre de dama y alfil en juego con demasiada facilidad. Continuando el
debate sobre la harmonía, la posición de las blancas parece perfecta desde
este punto de vista.} f6 $6 ({It is hard to say whether Leko underestimated
White's compensation, or, on the contrary, feared that after Es difícil saber
si Leko había menosvalorado la compensación de las blancas después de la
jugada del texto, o si, por el contrarío, consideró su posición después de} 
26... Re7 27. Nxb7 Qxb7 28. e5 Qa7 29. Bxa8 Qxa8 {his position would remain
difficult. I believe that White would have not found it easy to consolidate
his advantage of space, because there is too little material left on the board
and his position contains some weaknesses, too. In view of Black's several
possible deviations from the game continuation, I would conclude that the
first move made by Kramnik after a long thought (20.Nc5) was not the best and
that 20.a4 will have to be tried next time the respective position arises.
como difícil. En realidad, las blancas hubieran tenido problemas mantener su
ventaja de espacío, por el número reducido de figuras que quedan y por las
debilidades en casillas blancas.}) 27. Qb3+ Kh8 $6 {Another uninspired
decision. As will be revealed soon, h7 was a safer square for His Majesty.
Otra decisión mal inspirada. Como se verá pronto, h7 sería una casilla mejor
para Su Majestad.} (27... Kh7 28. Qf7 Bc6 29. Nd3 (29. f4 $2 Qe8 $1) 29... Be8
(29... Qe8 $2 30. Nxe5 $1 {[%csl Gf7]}) 30. Qf8 $14 {The difference compared
to the game continuation is that this is without check.} Rg5 31. h4 Rg4 32. Bf3
$14 {[%csl Gc5]}) 28. Qf7 $1 {Black is in big trouble. The immediate threats
are Nxb7 or Nd3 followed by Rxc7. Las negras pasan por apuros graves. Se
amenazan Nxb7 o Nd3, seguído por Rxc7.} Bc6 29. Nd3 Re6 {Con el rey en h7, las
negras hubieran resistido con 29...Ae8, cuando 30.De8 sería sin jaque.} (29...
Be8 $2 30. Qf8+) 30. Nf4 ({Continuing the attack rather than pinning the rook
with the trivial Prefiriendo continuar el ataque en vez de la clavada sencilla
} 30. Bh3) 30... Rd6 31. Ng6+ Kh7 32. e5 $1 {White wins material now. Las
blancas ganan material.} fxe5 33. Bxc6 Rf6 34. Qd5 Qf5 35. Bxa8 Qxf2+ 36. Kh1
Qxb2 37. Qc5 Kxg6 38. Be4+ Kh5 39. Rb1 1-0

[Event "World-ch Tournament"]
[Site "Mexico City"]
[Date "2007.09.28"]
[Round "13"]
[White "Gelfand, Boris"]
[Black "Kramnik, Vladimir"]
[Result "1/2-1/2"]
[WhiteElo "2733"]
[BlackElo "2769"]
[Annotator "Marin,M"]
[PlyCount "51"]
[EventDate "2007.09.13"]
[EventType "tourn"]
[EventRounds "14"]
[EventCountry "MEX"]
[EventCategory "21"]
[SourceTitle "CBM 120"]
[Source "ChessBase"]
[SourceDate "2007.10.02"]
[SourceVersion "1"]
[SourceVersionDate "2007.10.02"]
[SourceQuality "1"]

1. d4 d5 2. c4 c6 3. Nc3 Nf6 4. e3 e6 5. Nf3 Nbd7 6. Bd3 dxc4 7. Bxc4 b5 8. Bd3
Bb7 9. a3 {A specialty of Gelfand.} b4 10. Ne4 Nxe4 11. Bxe4 bxa3 12. O-O Nf6 (
{A new move in Kramnik's games. Against Topalov in Elista, he played Una
jugada nueva para las partidas de Kramnik. Contra Topalov en Elista jugó} 12...
Bd6 {and only after y solo después de} 13. b3 {he attacked the enemy bishop
with atacó el alfil enemigo con} Nf6 {. Topalov came up with the novelty .
Topalov produjo la novedad} 14. Nd2 $5 {Topalov,V (2813)-Kramnik,V (2743)/
Elista 2006/CBM 115/[Marin,M] (1/2-1/2, 54). , highlighting the drawbacks of
the bishop's early development to d6. subrayando las desventajas del
desarrollo temprano del alfil a d6.}) (12... Be7 $5 {Schwarz gibt den
schwarzen Peter an Weiß zurück und weigert sich einfach, auf b2 zu nehmen.} 13.
b3 (13. Qc2 {Gelfand,B (2710)-Bareev,E (2726)/Moscow 2002/CBM 091/[Lutz] (0-1,
53)}) 13... Nf6 14. Bd3 Qa5 (14... Qb6 15. Bxa3 Bxa3 16. Rxa3 c5 17. dxc5 Qxc5
18. b4 Qb6 19. Qa4+ Bc6 20. Qa5 O-O 21. Nd4 Bd5 22. Rfa1 $14 {Moiseenko,A 
(2657)-Yevseev,D (2557)/Cappelle la Grande 2006/CBM 110 ext (1-0, 45). The
structure is almost symmetrical, but White has the more active piece placement.
}) 15. b4 $5 Bxb4 16. Bxa3 Bxa3 17. Qb3 O-O 18. Rxa3 Qc7 {Black has managed to
castle and preserve his extra-pawn, but the b7-bishop is passive and his
structure is weak.} 19. Qc2 Rfc8 20. Rfa1 a5 21. Rc3 g6 22. Ne5 Nd7 23. Nxd7
Qxd7 24. Rc5 {The a5-pawn cannot be saved anymore now and White will maintain
the better structure anyway.} Ba6 {Exchanging the bad bishop, but weakening
the c6-pawn.} 25. Bxa6 Rxa6 26. Raxa5 Rb6 27. g3 Rcb8 28. Ra1 Rb2 29. Qe4 R8b5
30. Rxc6 {Gelfand,B (2709)-Vallejo Pons,F (2663)/Monaco 2004/CBM 099 ext (1-0,
41). and White converted his material advantage.}) 13. Bd3 axb2 (13... Be7 {
would transpose above.}) 14. Bxb2 a5 $146 ({A new idea in this position.
Kramnik delays the development of the f8-bishop, preparing the advanced
b4-square for it. Una idea nueva en esta posición. Kramnik retrasa el
desarrollo del alfil, preparandole la casilla de b4.} 14... Be7 {would
transpose to an older game by Kramnik. transpondría a una partida antigua de
Kramnik, contra Ivanchuk en Nueva York 1994.} 15. Qb1 Rb8 16. Rxa7 Qb6 17. Qa2
O-O {and Black managed to hold:} 18. Rb1 Ra8 19. Rxa8 Rxa8 20. Qc4 Ba6 21. Qc2
Bxd3 22. Qxd3 Qb5 23. Ne5 Rb8 24. Qxb5 Rxb5 25. Nc4 c5 {1/2-1/2 Ivanchuk,V 
(2695)-Kramnik,V (2725)/New York 1994/CBM 041 ext}) (14... Bb4 15. Ba6 $6 (15.
Qa4 $1 {would most likely transpose to our main game. If Black wants to spare
the move ...a5, he could get into trouble:} Qe7 16. Ba3 Bxa3 17. Qxa3 Qxa3 18.
Rxa3 Ke7 19. Rb1 $16) 15... Qb6 16. Qa4 Bxa6 17. Qxa6 O-O 18. Ne5 c5 19. Nd3
Rfb8 20. Qc4 Qb5 21. Rfc1 cxd4 22. Qxb5 Rxb5 23. Nxb4 Rxb4 24. Rxa7 Rbb8 25.
Rxa8 Rxa8 26. Bxd4 {1/2-1/2 L'Ami,E (2593)-Smeets,J (2525)/Hoogeveen NED 2006/
TWIC 625}) 15. Qa4 Bb4 16. Ba3 {This exchange is essential in order to
question Black's queenside stability.} (16. Ne5 O-O $1 17. Nxc6 Qd5 18. Rfc1 (
18. Qxb4 $2 {[%csl Ge7]} Qxc6 $1 $19) 18... Rfc8 19. Bb5 {and White's position
looks a bit hanging.}) 16... Nd5 ({Black should not release the tension with} 
16... Bxa3 {, because this would cause him problems with his devlopment:} 17.
Qxa3 Qe7 18. Rfb1 Ra7 19. Ne5 Qxa3 20. Rxa3 Ke7 (20... O-O 21. Rba1 Rfa8 22.
Nc4 a4 23. Nb6 $16) 21. Ba6 $1 Ba8 22. Rxa5 $14) 17. e4 ({White had an
important alternative here.} 17. Be4 $5 {Undermining Black's control over the
b4-square without weakening his own structure.} O-O (17... Bxa3 18. Bxd5 Qxd5
19. Qxa3 c5 20. Rfc1 $14 c4 21. e4 $5 $16 Qxe4 $140 22. Rxc4 {[%csl Ge8]}) 18.
Bxd5 Bxa3 (18... cxd5 19. Bxb4 axb4 20. Qxb4 Ba6 21. Rfc1 $14 {[%csl Gc5,Ge5,
Gf3] Black is in no immediate danger, but in the long run the knight might
prove to be stronger than the bishop, while White's major pieces are more
active than Black's already.}) 19. Bxc6 ({If White is not convinced about the
merits of his position in the main line, he could try the intermediate} 19.
Bxe6 $5) 19... Bxc6 20. Qxc6 Bb4 21. Ne5 $14 {Optically, White stands better,
because of his stronc centre and the control over the c6-s}) 17... Nb6 18. Qb3
Qe7 19. Rab1 (19. Rfb1 {looks more natural, but would lead to mass
simplifications after} Nd7 20. Bxb4 axb4 21. Rxa8+ Bxa8 22. Qxb4 Qxb4 23. Rxb4
Ke7 $11 {[%cal Gc6c5] and the freeing move ...c5, with absolute equality,
cannot be prevented.}) 19... Bxa3 ({Now,} 19... Nd7 {does not work out so well:
} 20. Bxb4 axb4 21. Qxb4 Qxb4 22. Rxb4 Ra7 23. Rfb1 $36) 20. Qxb6 Bb4 21. Ne1 {
This looks too slow.} ({Gelfand could have complicated the game with} 21. d5 $5
exd5 (21... cxd5 $2 22. Rfc1 Rc8 23. Bb5+ $18) 22. exd5 O-O 23. dxc6 {,
although after} Bc8 {the pair of bishops and the potentially dangerous a-pawn
would compensate for White's far advanced pawn.}) 21... O-O 22. Nc2 Rfd8 23.
Nxb4 axb4 24. Qxb4 Qxb4 25. Rxb4 Ba6 26. Bxa6 {White's advantage is purely
symbolic. La ventaja de las blancas es puramente simbolica.} 1/2-1/2